000 00442nam a2200205Ia 4500
001 12453
003 GE_BSU
008 181216s||||||||xx |||||||||||||| ||und||
020 _a9780099457039
040 _cGE_BSU
080 _a821.111-32
100 _aFry,Stephen.
245 4 _aThe Hippopotamus.
260 _aLondon.
260 _bArrow Books.
260 _c1995
300 _a400p;20cm.
653 _aThe Hippopotamus.
942 _cBK
999 _c45627
_d45627